| 000 | 00363nam a22001337a 4500 | ||
|---|---|---|---|
| 005 | 20200608093916.0 | ||
| 008 | 200608b xxu||||| |||| 00| 0 eng d | ||
| 082 | _a345.4 | ||
| 110 |
_aALL INDIA REPORTER _95850 |
||
| 245 | _aALL INDIA REPORTER ,2008 (V-95) ALLAHABAD SECTION | ||
| 260 |
_aMUMBAI _bALL INDIA REPORTER, PVT LTD. |
||
| 650 |
_aLAW _95701 |
||
| 942 | _cJRL | ||
| 999 |
_c6914 _d6912 |
||